000
00256cam a2200121ua 4500
003
OSt
008
240325b |||||||| |||| 00| 0 eng d
041
_a
eng
082
_a
028.75
_b
IND/HI
245
_a
Hindusthan year book /
300
_a
708 ; .
942
_c
BK
999
_c
3454
_d
3454